000 00676 a2200181 4500
999 _c4397
_d4397
010 _aENG-86258
020 _a9788175346246
_c550.00
035 _aEN-69791
037 _bDBAD / PUB
082 _a344.54010264
100 _aKumar, H.L.
245 _aDigest of labour cases 1990-2007 :
_bcase law finder /
_cby H.L. Kumar
250 _a5th ed.
260 _aDelhi
_bUniversal Law Publishing
_c2007
270 _aC-FF-1A, Dilkhush Industrial Estate, (Opp. Hans Cinema, Azadpur), G.T. Karnal Road,
_bDelhi
_cNew Delhi
_e110 033
_k011-27438103
_l011-27458529
_msales@unilawbooks.com
300 _alxxx, 602p.
_c23cm. (Hb)
942 _adpl
_cEN
_2ddc
_h344.54010264
_mKUM